Pays du monde - trois minutes de sprint (sans carte) - Statistiques

Statistiques générales
  • Ce quiz a été pris 1 228 fois
  • Le résultat moyen est 63 sur 196
Statistiques - réponses
Réponse % Correct
France
83%
Espagne
80%
Russie
73%
Chine
72%
Portugal
72%
Allemagne
71%
Italie
71%
Canada
69%
Brésil
66%
Japon
64%
Suisse
63%
Suède
62%
Algérie
61%
Irlande
61%
Finlande
60%
Islande
60%
Maroc
60%
Argentine
58%
Inde
58%
Mexique
57%
Chili
56%
Albanie
55%
Andorre
55%
Australie
55%
Autriche
54%
Grèce
54%
Monaco
53%
Pologne
53%
Tunisie
52%
Ukraine
49%
Belgique
48%
Etats-Unis
48%
Irak
48%
Iran
48%
Norvège
47%
Pérou
47%
Lettonie
46%
Serbie
45%
Chypre
44%
Hongrie
44%
Indonésie
44%
Kosovo
44%
Malte
44%
Turquie
44%
Colombie
43%
Cuba
43%
Roumanie
43%
Bosnie-Herzégovine
42%
Estonie
42%
Saint-Marin
42%
Bolivie
41%
Égypte
41%
République démocratique du Congo
41%
Danemark
40%
Lituanie
40%
République du Congo
40%
Slovaquie
40%
Corée du Sud
39%
Laos
39%
Libye
39%
Moldavie
39%
Panama
39%
Pays-Bas
38%
Slovénie
38%
Uruguay
38%
Macédoine
37%
Malaisie
37%
Mali
37%
Pakistan
37%
Viêt Nam
37%
Arménie
36%
Israël
36%
Liban
36%
Paraguay
36%
Royaume-Uni
36%
Vatican
36%
Ghana
35%
Niger
35%
Soudan
35%
Syrie
35%
Thaïlande
35%
Belize
34%
Bulgarie
34%
Croatie
34%
Nigeria
33%
Oman
33%
Togo
33%
Yémen
33%
Haiti
32%
Jamaïque
32%
Jordanie
32%
Népal
32%
Qatar
32%
Sénégal
32%
Honduras
31%
Mongolie
31%
Monténégro
31%
Salvador
31%
Venezuela
31%
Luxembourg
30%
Nicaragua
30%
Angola
29%
Brunei
29%
Corée du Nord
29%
Afrique du Sud
28%
Bhoutan
28%
Fidji
28%
Gabon
28%
Philippines
28%
Afghanistan
27%
Biélorussie
27%
Équateur
27%
Tchad
27%
Bahamas
26%
Guinée
26%
Koweït
26%
Bangladesh
25%
Bénin
25%
Birmanie
25%
Éthiopie
25%
Guatemala
25%
Nouvelle-Zélande
25%
Samoa
25%
Taïwan
25%
Tonga
25%
Tuvalu
24%
Bahreïn
23%
Costa Rica
23%
Gambie
23%
Géorgie
23%
Guyana
23%
Ouganda
23%
Kenya
22%
Malawi
22%
Nauru
22%
Salomon
22%
Sao Tomé-et-Principe
22%
Singapour
22%
Somalie
22%
Suriname
22%
Vanuatu
22%
Cabo Verde
21%
Tanzanie
21%
Zambie
21%
Cambodge
20%
Cameroun
20%
Comores
20%
Barbade
19%
Dominique
19%
Kiribati
19%
Liechtenstein
19%
Soudan du Sud
19%
Kazakhstan
18%
Mauritanie
18%
Antigua-et-Barbuda
17%
Arabie Saoudite
17%
Burundi
17%
Lesotho
17%
Maldives
17%
Palaos
17%
Sierra Leone
17%
Sri Lanka
17%
Îles Marshall
16%
Rwanda
16%
Seychelles
16%
Liberia
15%
Madagascar
15%
Namibie
15%
République tchèque
15%
Djibouti
14%
Azerbaïdjan
13%
Érythrée
13%
Grenade
13%
Mozambique
13%
Sainte-Lucie
13%
Côte d'Ivoire
11%
Émirats arabes unis
11%
Ouzbékistan
11%
Saint-Vincent-et-les-Grenadines
11%
Trinité-et-Tobago
11%
Botswana
10%
Burkina Faso
10%
Micronésie
10%
Guinée-Bissau
9%
Saint-Christophe-et-Niévès
9%
Timor oriental
9%
Papouasie-Nouvelle-Guinée
8%
République dominicaine
8%
Swaziland
8%
Turkménistan
8%
Zimbabwe
8%
République Centrafricaine
7%
Tadjikistan
7%
Guinée équatoriale
6%
Île Maurice
5%
Kirghizistan
5%
Aucun quiz correspondant
Distribution des résultats
% des personnes avec chaque résultat
Percentile par nombre de réponses
Votre historique - résultats
Vous n’avez pas pris ce quiz